Šest let exilu a druhé světové války : řeči, projevy a dokumenty z r. 1938-45 /

Hlavní autor: Beneš, Edvard, 1884-1948
Jazyk: Čeština
Vydáno: Praha : Orbis, 1946
Vydání: Páté doplněné vydání knihy Tři roky druhé světové války, k níž úvodní slovo napsal dr. Hubert Ripka
Edice: Stopami dějin
Externí odkaz: Digitalizovaný dokument
Fyzický popis: 486, [vi] s. ; 20 cm
Knihy
Uloženo v:
LEADER 01244nam a22002892a 4500
001 001372513
003 CZ BrMZK
005 20151016112732.0
007 ta
008 140308s1946 xr er|||||||||||cze d
015 |a cnb000986652 
035 |a (OCoLC)7161468 
040 |a ABA001  |b cze  |c OLA001  |d ABA001 
100 1 |a Beneš, Edvard,  |d 1884-1948  |7 jk01011576  |4 aut 
245 1 0 |a Šest let exilu a druhé světové války :  |b řeči, projevy a dokumenty z r. 1938-45 /  |c Edvard Beneš 
250 |a Páté doplněné vydání knihy Tři roky druhé světové války, k níž úvodní slovo napsal dr. Hubert Ripka 
260 |a Praha :  |b Orbis,  |c 1946 
300 |a 486, [vi] s. ;  |c 20 cm 
490 1 |a Stopami dějin 
500 |a Obálku navrhl Karel Svolinský 
500 |a Dostupné též v digitální podobě v aplikaci Kramerius 
830 0 |a Stopami dějin  |0 s 
856 4 1 |u http://www.digitalniknihovna.cz/mzk/uuid/uuid:3ce66950-b9b1-11e3-9d7d-005056827e51  |y Digitalizovaný dokument  |x NDK 
910 |a BOA001  |b 2-0189.518 
990 |a BK 
996 7 |b 2618940520  |c 2-0189.518  |l MZK  |r Sklad / do 24 hodin  |n 1  |w 001407378  |u 000020  |a 1  |e BOA001  |j MZK50  |s A 
996 6 |b 2619198572  |c 2-0189.518  |l MZK  |r Sklad / do 24 hodin  |n 0  |w 001407378  |u 000010  |a 1  |e BOA001  |j MZK50  |s P